Las potencialidades de la postalfabetización vinculada al trabajo: reflexiones a partir de un estudio regional /
Gorde:
| Egile nagusia: | |
|---|---|
| Formatua: | Liburua |
| Hizkuntza: | Spanish |
| Etiketak: |
Etiketa erantsi
Etiketarik gabe, Izan zaitez lehena erregistro honi etiketa jartzen!
|
MARC
| LEADER | 00000nam a22000007a 4500 | ||
|---|---|---|---|
| 003 | cru CIDCACS/IIS | ||
| 005 | 20200925161144.0 | ||
| 007 | ta | ||
| 008 | 161123t1991 mx ||||| |||| 00| 0 spa d | ||
| 040 | |c CRAI/IIS |a CRAI/IIS | ||
| 100 | 1 | |9 642 |a Schmelkes, Sylvia | |
| 245 | 1 | |a Las potencialidades de la postalfabetización vinculada al trabajo: |b reflexiones a partir de un estudio regional / |c Sylvia Schmelkes | |
| 300 | |a páginas 83-102 | ||
| 773 | 0 | |0 18745 |9 160 |a OEA. |d México OEA ; CREPAL |o R16590 |t Revista Interamericana de Educación de Adultos/ | |
| 942 | |2 ddc |c LI | ||
| 999 | |c 18755 |d 18755 | ||
